000 00447nam a2200133Ia 4500
008 100328s9999 xx 000 0 und d
082 _b29944
100 _aवाळिंबे वि.स.-अनु.
245 _aकथा ही दिवावादळाची
260 _bकेसरी
630 _aकथा ही दिवावादळाची
730 _aकथा ही दिवावादळाची
942 _cBOOK
999 _c520940
_d520937